Hudobný priemysel a jeho uplatnenie v marketingu
Príspevok sústreďuje pozornosť na alternatívu implementácie neuromarketingu prostredníctvom jednej z alternatívy zmyslového marketingu , ktorým je sound marketing. Po stručnom uvedení podstaty účinkov hudby v rámci priamych somatických účinkov na ľudský organizmus sa venujeme problematiku zvukového...
Saved in:
| Main Author: | |
|---|---|
| Format: | Book Chapter |
| Language: | Slovak |
| Subjects: | |
| Tags: |
No Tags, Be the first to tag this record!
|
MARC
| LEADER | 00000naa$a2200000$$$4500 | ||
|---|---|---|---|
| 001 | 0305873 | ||
| 005 | 20250321102058.3 | ||
| 041 | 0 | |a slo | |
| 044 | |a SK | ||
| 245 | 1 | 0 | |a Hudobný priemysel a jeho uplatnenie v marketingu |c Vanda Lieskovská |
| 520 | |a Príspevok sústreďuje pozornosť na alternatívu implementácie neuromarketingu prostredníctvom jednej z alternatívy zmyslového marketingu , ktorým je sound marketing. Po stručnom uvedení podstaty účinkov hudby v rámci priamych somatických účinkov na ľudský organizmus sa venujeme problematiku zvukového poľa a zvukovej počuteľnosti. Z toho vyplýva možnosť uplatnenia štyroch rôznych zvukových marketingových stratégií, ktoré sa spájajú so snahami o vytváranie vhodnej konkurenčnej výhody. Sound marketing v kamenných predajniach je často realizovaný prostredníctvom play listov, ktoré je možné členiť podľa rôznych kritérií. V záverečnej časti je venovaná pozornosť audiomarketingu vo forme podcastov. | ||
| 610 | 2 | 0 | |a hudba |
| 610 | 2 | 0 | |a marketing |
| 610 | 2 | 0 | |a neuromarketing |
| 610 | 2 | 0 | |a audio marketing |
| 100 | 1 | |a Lieskovská, Vanda, 1961- | |